Score 0/30 Timer 03:00
3 Plays Today
Clue 4-Letter Word % Correct
For Whom the ____ Tolls\m/ BELL \m/
96.1%
____ & Destroy\m/ SEEK \m/
94.3%
Jump in the ____\m/ FIRE \m/
93.8%
Welcome ____ (Sanitarium)\m/ HOME \m/
93%
____ the Lightning\m/ RIDE \m/
92.9%
The ____ of Ktulu\m/ CALL \m/
91.7%
To ____ Is to Die\m/ LIVE \m/
90.5%
50 percentHALF
89.8%
Bona ____ - Real, genuineFIDE
87.8%
Item of cutleryFORK
87.6%
Golfer's warningFORE
87.2%
Leg partCALF
85.8%
'The other white meat'PORK
85.6%
Peace birdDOVE
85.1%
Boxing prizeBELT
84.5%
Clue 4-Letter Word % Correct
Plunge head firstDIVE
84.4%
Dance; sphereBALL
84.1%
Flash of lightningBOLT
84%
Far from tannedPALE
84%
Acting partROLE
83.5%
A benefit (from a job)PERK
83.2%
Quick ganderPEEK
82.8%
Hemispherical roofDOME
82.6%
Firefighter's needHOSE
82%
Strike a stancePOSE
81.6%
Magnetic endPOLE
81.1%
Healthy and strongHALE
79.7%
To irritate or annoyRILE
78.8%
Electricity unitVOLT
78.5%
Mouselike animalVOLE
75%

Today's Daily Dose

Missing Word
Purple Things

Word Ladder
Bell-Bottoms

Get the Picture
The Beatles Albums

You're not logged in!

Compare scores with friends on all Sporcle quizzes.
OR
Log In

Sporcle TV

Today on Sporcle TV


Watch our educational content, quiz creation guides, and fun videos on Sporcle TV.

Show Comments

Extras

Top Quizzes Today


Score Distribution

Paid Content

Your Account Isn't Verified!

In order to create a playlist on Sporcle, you need to verify the email address you used during registration. Go to your Sporcle Settings to finish the process.

Report this User

Report this user for behavior that violates our Community Guidelines.

Details: